| 000 | 00615cam a22001934a 4500 | ||
|---|---|---|---|
| 001 | 12686937 | ||
| 005 | 20241031105036.0 | ||
| 008 | 020225s2003 njua b 001 0 eng | ||
| 020 | _a9780130431691 | ||
| 050 | 0 | 0 |
_aQA11.2 _b.O67 2003 |
| 082 | 0 | 0 |
_a510/.71 _221 |
| 100 | 1 | _aOoten, Cheryl. | |
| 245 | 1 | 0 |
_aManaging the mean math blues / _cCheryl Ooten ; illustrator Emily Meek. |
| 260 |
_aUpper Saddle River, NJ : _bPrentice Hall, _cc2003. |
||
| 300 |
_axv, 240 p. : _bill. ; _c23 cm. |
||
| 650 | 0 |
_aMathematics _xStudy and teaching _xPsychological aspects. |
|
| 700 | _aMeek, Emily (illustrator) | ||
| 942 |
_2lcc _cBK _n0 |
||
| 999 |
_c438 _d438 |
||